00587 2200217 4500001002100000005001500021035002000036007000300056008004100059020002200100082000800122084001400130100001400144245006600158250001100224260003900235300004700274650001200321700002000333990001600353INLIS00000000000002120220513083146 a0010-0522000003ta220513 b 0 ind  a978-602-01-1841-3 a372 a372 SET d0 aSetyorini1 aDIRIKU 1A :bTematik Terpadu untuk SD/MI Kelas 1 /cSetyorini aRevisi ab :bGrafindo Media Pratama,c2017 a130 halaman :bilustrasi berwarna ;c25 cm 4aTematik0 aMaryati Sukarwo a00000000019